00534nam a22001577a 450000500170000001000150001702000260003203500140005803700130007208200110008510000200009624500610011626000520017727000980022930000490032720220720130001.0 aENG-133673 a9788183166935c395.00 aEN-117205 bDBAD/PUB a371.26 aSagar, J. Vidya aMeasurement and Evaluation in Education/cJ. Vidya Sagar aNew DelhibNeelkamal Publishing Pvt. Ltd.c2016 a4764/1, 23, Ansari Road, DaryaganjbNew Delhie110002k011-23244237mneelkamalbooks@gmail.com avi, 280 p.c24 cm(pbk)bBibiliography, Index